[Event "Portugal Open 2020"]
[Site "Lisbon"]
[Date "2020.02.01"]
[Round "9.30"]
[White "Atakay, Mustafa"]
[Black "Corbalan Gomez, Juan Jose"]
[Result "0-1"]
[WhiteElo "1886"]
[BlackElo "2243"]
[Annotator "NA"]
[PlyCount "108"]
[EventDate "2020.01.25"]
[EventType "swiss"]
[EventCountry "POR"]
[SourceTitle "playchess.com"]
[Source "ChessBase"]
[SourceQuality "1"]
[TimeControl "5400+30"]

1. d4 {[%emt 0:00:00]} Nf6 {[%emt 0:09:54]} 2. c4 {[%emt 0:00:00]} e6 {[%emt 0:00:12]} 3. g3 {[%emt 0:00:00]} c5 {[%emt 0:00:04]} 4. d5 {[%emt 0:00:00]} exd5 {[%emt 0:00:05]} 5. cxd5 {[%emt 0:00:00]} b5 {[%emt 0:00:02]} 6. e4 {[%emt 0:18:15]} Nxe4 {[%emt 0:01:42]} 7. Qe2 {[%emt 0:00:04]} Qe7 {[%emt 0:00:27]} 8. Bg2 {[%emt 0:00:06]} f5 {[%emt 0:14:13]} 9. Be3 {[%emt 0:06:27]} Bb7 {[%emt 0:06:16]} (9... b4 $11) 10. Nc3 {[%emt 0:06:04]} b4 $16 {[%emt 0:12:36]} 11. Nb5 {[%emt 0:04:46]} Kd8 {[%emt 0:09:59]} 12. f3 {[%emt 0:09:29]} Nd6 {[%emt 0:03:33]} 13. Nxd6 {[%emt 0:00:26]} Qxd6 {[%emt 0:00:12]} 14. Bg5+ {[%emt 0:00:07]} Be7 {[%emt 0:00:21]} 15. Bxe7+ {[%emt 0:13:19]} Qxe7 {[%emt 0:00:01]} 16. f4 {[%emt 0:00:15]} Re8 {[%emt 0:01:03]} 17. Qxe7+ {[%emt 0:00:17]} Rxe7+ {[%emt 0:01:41]} 18. Kf2 {[%emt 0:03:35]} d6 {[%emt 0:00:04]} 19. Nf3 {[%emt 0:02:24]} Nd7 {[%emt 0:03:19]} 20. Rhe1 {[%emt 0:06:44]} Nf8 {[%emt 0:00:49]} 21. Ng5 {[%emt 0:02:09]} Rc8 {[%emt 0:15:34]} 22. Bh3 {[%emt 0:01:33]} h6 {[%emt 0:05:14]} 23. Nf3 {[%emt 0:06:23]} g6 {[%emt 0:02:29]} 24. g4 {[%emt 0:00:32]} fxg4 {[%emt 0:00:50]} 25. Bxg4 {[%emt 0:00:05]} Rcc7 {[%emt 0:00:21]} 26. Rad1 {[%emt 0:02:41]} Rxe1 {[%emt 0:01:05]} 27. Nxe1 {[%emt 0:00:18]} Rf7 {[%emt 0:01:06]} 28. Kg3 {[%emt 0:00:24]} a5 {[%emt 0:00:46]} 29. Nc2 {[%emt 0:01:29]} Re7 {[%emt 0:00:26]} 30. h4 {[%emt 0:00:47]} h5 {[%emt 0:00:31]} 31. Bf3 {[%emt 0:00:06]} Bc8 {[%emt 0:01:53]} 32. Kf2 {[%emt 0:00:23]} Rf7 {[%emt 0:01:29]} 33. Kg3 {[%emt 0:00:13]} Rc7 {[%emt 0:00:12]} 34. Ne3 {[%emt 0:01:45]} c4 {[%emt 0:00:40]} 35. f5 {[%emt 0:01:19]} c3 {[%emt 0:00:36]} 36. b3 {[%emt 0:03:55]} a4 {[%emt 0:01:48]} 37. Be4 {[%emt 0:02:06]} gxf5 {[%emt 0:00:33]} 38. Nxf5 {[%emt 0:00:08]} Bxf5 {[%emt 0:00:49]} 39. Bxf5 {[%emt 0:00:04]} axb3 {[%emt 0:01:29]} 40. axb3 {[%emt 0:00:20]} Nd7 {[%emt 0:00:30]} 41. Kf4 {[%emt 0:01:20]} Nc5 {[%emt 0:00:30]} 42. Rd4 {[%emt 0:01:56]} Rf7 {[%emt 0:01:44]} 43. Kg5 {[%emt 0:01:23]} Nxb3 {[%emt 0:00:52]} 44. Rxb4 {[%emt 0:00:20]} Rxf5+ {[%emt 0:00:10]} 45. Kxf5 {[%emt 0:00:25]} c2 {[%emt 0:00:02]} 46. Rc4 {[%emt 0:00:14]} c1=Q {[%emt 0:00:06]} 47. Rxc1 {[%emt 0:00:04]} Nxc1 {[%emt 0:00:02]} 48. Kg5 {[%emt 0:00:04]} Ke7 {[%emt 0:00:17]} 49. Kxh5 {[%emt 0:00:07]} Kf6 {[%emt 0:00:08]} 50. Kg4 {[%emt 0:00:14]} Ne2 {[%emt 0:00:12]} 51. h5 {[%emt 0:01:22]} Nc3 {[%emt 0:00:08]} 52. h6 {[%emt 0:00:09]} Nxd5 {[%emt 0:00:20]} 53. h7 {[%emt 0:00:05]} Kg7 {[%emt 0:00:05]} 54. Kf5 {[%emt 0:00:05]} Nc7 {[%emt 0:00:07]} 0-1

[Event "Portugal Open 2020"]
[Site "Lisbon"]
[Date "2020.02.01"]
[Round "9.31"]
[White "Hill, Alistair"]
[Black "Xu, Yang"]
[Result "1-0"]
[WhiteElo "2217"]
[BlackElo "2359"]
[Annotator "NA"]
[PlyCount "93"]
[EventDate "2020.01.25"]
[EventType "swiss"]
[EventCountry "POR"]
[SourceTitle "playchess.com"]
[Source "ChessBase"]
[SourceQuality "1"]
[TimeControl "5400+30"]

1. c4 {[%emt 0:03:26]} g6 {[%emt 0:01:08]} 2. d4 {[%emt 0:00:14]} Bg7 {[%emt 0:00:33]} 3. e4 {[%emt 0:01:03]} d6 {[%emt 0:00:06]} 4. Nf3 {[%emt 0:02:20]} Nd7 {[%emt 0:00:18]} 5. Nc3 {[%emt 0:02:10]} e5 {[%emt 0:00:11]} 6. Be2 {[%emt 0:00:14]} Ngf6 {[%emt 0:01:57]} 7. O-O {[%emt 0:00:23]} O-O {[%emt 0:00:29]} 8. Qc2 {[%emt 0:02:19]} c6 {[%emt 0:10:47]} 9. d5 {[%emt 0:01:34]} c5 {[%emt 0:02:58]} 10. a3 {[%emt 0:00:21]} Nh5 {[%emt 0:01:07]} 11. g3 {[%emt 0:13:20]} Ndf6 {[%emt 0:05:01]} 12. Rb1 {[%emt 0:02:33]} Bh3 {[%emt 0:03:52]} 13. Re1 {[%emt 0:00:37]} h6 {[%emt 0:09:38]} 14. b4 $16 {[%emt 0:03:55]} Nd7 {[%emt 0:01:53]} 15. Kh1 {[%emt 0:09:44]} Bg4 {[%emt 0:07:07]} 16. h3 {[%emt 0:01:16]} Bxf3+ {[%emt 0:04:05]} 17. Bxf3 {[%emt 0:00:02]} Nhf6 {[%emt 0:01:49]} 18. Kg2 {[%emt 0:03:34]} b6 {[%emt 0:01:16]} 19. Be3 {[%emt 0:00:41]} Ne8 {[%emt 0:01:24]} 20. Bg4 {[%emt 0:08:40]} h5 {[%emt 0:11:00]} 21. Be2 {[%emt 0:00:12]} Kh7 {[%emt 0:04:03]} 22. Qd2 {[%emt 0:05:57]} Bf6 {[%emt 0:05:11]} 23. Rb3 {[%emt 0:03:58]} Ng7 {[%emt 0:00:26]} 24. Reb1 {[%emt 0:02:44]} Be7 {[%emt 0:05:57]} 25. f4 {[%emt 0:04:53]} cxb4 {[%emt 0:02:20]} 26. axb4 {[%emt 0:00:15]} f5 {[%emt 0:00:44]} 27. c5 {[%emt 0:03:49]} exf4 {[%emt 0:04:36]} 28. gxf4 {[%emt 0:00:16]} fxe4 {[%emt 0:03:01]} 29. Nxe4 {[%emt 0:00:52]} Nf6 {[%emt 0:04:55]} 30. Ng5+ {[%emt 0:00:35]} Kg8 {[%emt 0:00:12]} 31. c6 {[%emt 0:01:47]} Nh7 {[%emt 0:03:18]} 32. Ne6 {[%emt 0:03:37]} Nxe6 {[%emt 0:00:15]} 33. dxe6 {[%emt 0:00:04]} Rf6 {[%emt 0:01:57]} 34. Bf3 {[%emt 0:00:12]} Qc7 {[%emt 0:00:54]} 35. Bd4 {[%emt 0:02:06]} Raf8 {[%emt 0:00:06]} 36. Bxf6 {[%emt 0:00:11]} Rxf6 {[%emt 0:00:07]} 37. Rg1 {[%emt 0:02:31]} d5 {[%emt 0:00:51]} 38. Kh1 {[%emt 0:01:28]} g5 {[%emt 0:01:47]} 39. Bxd5 {[%emt 0:02:50]} Rxf4 {[%emt 0:00:14]} 40. Rf3 {[%emt 0:01:18]} Rxf3 {[%emt 0:01:38]} 41. Bxf3 {[%emt 0:00:06]} Qe5 {[%emt 0:00:02]} 42. Qd5 {[%emt 0:02:44]} Qc7 {[%emt 0:00:07]} 43. Be4 {[%emt 0:01:19]} Nf6 {[%emt 0:00:25]} 44. Qxg5+ {[%emt 0:00:20]} Kf8 {[%emt 0:00:06]} 45. Qg7+ {[%emt 0:00:08]} Ke8 {[%emt 0:00:07]} 46. Qh8+ {[%emt 0:00:12]} Bf8 {[%emt 0:00:13]} 47. Qxf6 {[%emt 0:00:06]} 1-0

[Event "Portugal Open 2020"]
[Site "Lisbon"]
[Date "2020.02.01"]
[Round "9.32"]
[White "Rodriguez Lopez, Rafael"]
[Black "Botelho, Luis Miguel Rodrigue"]
[Result "1-0"]
[WhiteElo "2212"]
[BlackElo "1987"]
[Annotator "NA"]
[PlyCount "137"]
[EventDate "2020.01.25"]
[EventType "swiss"]
[EventCountry "POR"]
[SourceTitle "playchess.com"]
[Source "ChessBase"]
[SourceQuality "1"]
[TimeControl "5400+30"]

1. e4 {[%emt 0:00:00]} c5 {[%emt 0:08:53]} 2. Nf3 {[%emt 0:00:00]} g6 {[%emt 0:00:57]} 3. d4 {[%emt 0:00:06]} cxd4 {[%emt 0:00:05]} 4. Nxd4 {[%emt 0:00:04]} Nc6 {[%emt 0:00:06]} 5. c4 {[%emt 0:00:08]} Nf6 {[%emt 0:00:06]} 6. Nc3 {[%emt 0:00:06]} d6 {[%emt 0:00:03]} 7. f3 {[%emt 0:00:18]} Nxd4 {[%emt 0:00:37]} 8. Qxd4 {[%emt 0:00:05]} Bg7 {[%emt 0:00:06]} 9. Be3 {[%emt 0:00:05]} O-O {[%emt 0:00:09]} 10. Qd2 {[%emt 0:00:04]} Be6 {[%emt 0:02:30]} 11. Rc1 {[%emt 0:00:08]} Qa5 {[%emt 0:01:25]} 12. Be2 {[%emt 0:00:24]} Rfc8 {[%emt 0:00:09]} 13. b3 {[%emt 0:00:06] [#]} Qb4 $146 {[%emt 0:04:40] B36: Sicilian: Maroczy Bind: Gurgenidze System} ({Predecessor:} 13... a6 14. Na4 Qxd2+ 15. Kxd2 Nd7 16. g4 Rcb8 17. Nc3 {½-½ (17) Dominguez Perez,L (2758)-Duda,J (2758) Moscow 2019}) 14. g4 {[%emt 0:04:02]} Nd7 {[%emt 0:00:59]} 15. Nd5 {[%emt 0:00:28]} Qxd2+ {[%emt 0:00:38]} 16. Kxd2 {[%emt 0:00:05]} Kf8 {[%emt 0:01:01]} 17. Rhd1 {[%emt 0:06:17]} a5 {[%emt 0:00:39]} 18. Ke1 {[%emt 0:00:52]} Rc6 {[%emt 0:03:11]} 19. h3 {[%emt 0:00:33]} Nc5 {[%emt 0:00:43]} 20. Rb1 {[%emt 0:03:04]} Na6 {[%emt 0:01:23]} 21. a3 {[%emt 0:01:46]} Bxd5 {[%emt 0:01:58]} 22. exd5 {[%emt 0:00:33]} Rcc8 {[%emt 0:00:14]} 23. Kf1 {[%emt 0:03:59]} Nc5 {[%emt 0:00:23]} 24. Rd2 {[%emt 0:02:23]} a4 {[%emt 0:01:00]} 25. b4 {[%emt 0:00:35]} Nb3 {[%emt 0:00:08]} 26. Rdd1 {[%emt 0:00:26]} Ke8 {[%emt 0:04:43]} 27. Kf2 {[%emt 0:00:17]} Kd7 {[%emt 0:01:44]} 28. Bb6 $14 {[%emt 0:00:42]} Ra6 {[%emt 0:12:17]} 29. c5 {[%emt 0:04:35]} Rxb6 {[%emt 0:00:05]} 30. cxb6 {[%emt 0:00:08]} Rc2 {[%emt 0:00:07]} 31. Kf1 {[%emt 0:03:01]} Nd2+ {[%emt 0:02:19]} 32. Rxd2 {[%emt 0:00:08]} Rxd2 {[%emt 0:00:05]} 33. Bb5+ {[%emt 0:00:07]} Kd8 {[%emt 0:00:16]} 34. Rc1 {[%emt 0:04:20]} Rxd5 {[%emt 0:01:59]} 35. Bxa4 {[%emt 0:03:53]} Bd4 {[%emt 0:18:14]} 36. Rc7 {[%emt 0:01:28]} Bxb6 {[%emt 0:00:24]} 37. Rxb7 {[%emt 0:00:09]} Bc7 {[%emt 0:00:16]} 38. Ra7 {[%emt 0:01:39]} Bb6 {[%emt 0:02:23]} 39. Rd7+ {[%emt 0:00:59]} Kc8 {[%emt 0:00:13]} 40. Rxe7 {[%emt 0:00:10]} Rd3 {[%emt 0:00:13]} 41. Rxf7 {[%emt 0:00:19]} Rxa3 {[%emt 0:00:12]} 42. Bc6 {[%emt 0:00:26]} Ra7 {[%emt 0:02:38]} 43. Rxa7 {[%emt 0:03:12]} Bxa7 {[%emt 0:00:06]} 44. Ke2 {[%emt 0:00:10]} Kc7 {[%emt 0:00:40]} 45. Bd5 {[%emt 0:01:54]} Kd7 {[%emt 0:04:06]} 46. Kd3 {[%emt 0:00:26]} Ke7 {[%emt 0:00:24]} 47. g5 {[%emt 0:01:15]} Bf2 {[%emt 0:01:27]} 48. f4 {[%emt 0:00:32]} Kf8 {[%emt 0:00:40]} 49. Ke4 {[%emt 0:00:36]} Kg7 {[%emt 0:00:26]} 50. b5 {[%emt 0:00:51]} Ba7 {[%emt 0:17:45]} 51. Kf3 {[%emt 0:00:16]} Bb6 {[%emt 0:00:26]} 52. Kg4 {[%emt 0:00:09]} Ba7 {[%emt 0:00:51]} 53. h4 {[%emt 0:00:09]} Be3 {[%emt 0:01:59]} 54. Be6 {[%emt 0:01:48]} Kh8 {[%emt 0:00:48]} 55. Kf3 {[%emt 0:00:40]} Bc5 {[%emt 0:00:36]} 56. Bg4 {[%emt 0:00:59]} Kg7 {[%emt 0:03:42]} 57. Bd7 {[%emt 0:01:49]} Kf7 {[%emt 0:01:13]} 58. Kg4 {[%emt 0:00:35]} Ke7 {[%emt 0:00:32]} 59. Bc6 {[%emt 0:00:56]} Ke6 {[%emt 0:00:11]} 60. Be4 {[%emt 0:00:10]} Kf7 {[%emt 0:01:29]} 61. h5 {[%emt 0:01:07]} Kg7 {[%emt 0:01:34]} 62. hxg6 {[%emt 0:01:24]} hxg6 {[%emt 0:00:09]} 63. f5 {[%emt 0:00:07]} gxf5+ {[%emt 0:00:22]} 64. Kxf5 {[%emt 0:00:05]} Kf7 {[%emt 0:01:06]} 65. g6+ {[%emt 0:00:09]} Ke7 {[%emt 0:00:25]} 66. Bd5 {[%emt 0:00:15]} Bd4 {[%emt 0:00:24]} 67. b6 {[%emt 0:00:21]} Kd7 {[%emt 0:00:49]} 68. b7 {[%emt 0:00:13]} Kc7 {[%emt 0:00:43]} 69. Ke6 {[%emt 0:00:06]} 1-0

[Event "Portugal Open 2020"]
[Site "Lisbon"]
[Date "2020.02.01"]
[Round "9.33"]
[White "Jaracz, Barbara"]
[Black "Heid, Michael"]
[Result "1/2-1/2"]
[WhiteElo "2200"]
[BlackElo "1953"]
[Annotator "NA"]
[PlyCount "64"]
[EventDate "2020.01.25"]
[EventType "swiss"]
[EventCountry "POR"]
[SourceTitle "playchess.com"]
[Source "ChessBase"]
[SourceQuality "1"]
[TimeControl "5400+30"]

1. e4 {[%emt 0:00:00]} g6 {[%emt 0:00:00]} 2. d4 {[%emt 0:00:00]} Bg7 {[%emt 0:00:00]} 3. Nc3 {[%emt 0:00:00]} d6 {[%emt 0:00:00]} 4. Be3 {[%emt 0:00:06]} a6 {[%emt 0:00:00]} 5. Qd2 {[%emt 0:00:11]} b5 {[%emt 0:00:28]} 6. h4 {[%emt 0:00:44]} Nf6 {[%emt 0:05:55]} 7. f3 {[%emt 0:03:36]} Nbd7 {[%emt 0:02:28]} 8. O-O-O {[%emt 0:03:01]} b4 {[%emt 0:06:03]} 9. Nce2 {[%emt 0:01:48]} a5 {[%emt 0:01:23]} 10. Bh6 {[%emt 0:01:50]} Bxh6 {[%emt 0:08:46]} 11. Qxh6 {[%emt 0:00:04]} a4 {[%emt 0:00:14]} 12. Nh3 {[%emt 0:03:08]} Ra5 {[%emt 0:06:42]} 13. Ng5 {[%emt 0:11:40]} Ba6 $14 {[%emt 0:01:35]} 14. Nf4 {[%emt 0:06:27]} Bxf1 {[%emt 0:01:27]} 15. Rhxf1 {[%emt 0:00:05]} b3 {[%emt 0:20:15]} 16. a3 {[%emt 0:02:19]} bxc2 {[%emt 0:00:36]} 17. Rd2 {[%emt 0:00:57]} Qb8 {[%emt 0:03:37]} 18. Rxc2 {[%emt 0:03:14]} c5 {[%emt 0:00:39]} 19. h5 {[%emt 0:12:33]} gxh5 {[%emt 0:12:28]} 20. Nxh5 {[%emt 0:02:57]} Nxh5 {[%emt 0:06:58]} 21. Qxh5 {[%emt 0:00:09]} Qb3 {[%emt 0:00:20]} 22. d5 {[%emt 0:15:08]} Rf8 {[%emt 0:01:07]} 23. Kb1 {[%emt 0:14:17]} Nf6 24. Qh3 {[%emt 0:01:30]} Ra8 {[%emt 0:04:52]} 25. Nxh7 {[%emt 0:02:46]} Nxh7 {[%emt 0:00:05]} 26. Qxh7 {[%emt 0:00:04]} Rb8 {[%emt 0:00:03]} 27. f4 {[%emt 0:03:49]} Qxa3 {[%emt 0:08:22]} 28. e5 {[%emt 0:00:11]} c4 {[%emt 0:00:14]} 29. Qf5 {[%emt 0:05:59]} Qd3 {[%emt 0:05:33]} 30. Qxd3 {[%emt 0:01:41]} cxd3 {[%emt 0:00:01]} 31. Rc3 {[%emt 0:00:46]} Rg8 {[%emt 0:00:04]} 32. Rf2 {[%emt 0:01:06]} Rg3 {[%emt 0:00:09]} 1/2-1/2

[Event "Portugal Open 2020"]
[Site "Lisbon"]
[Date "2020.02.01"]
[Round "9.34"]
[White "Cordeiro, Joao Carlos Santos F"]
[Black "Palozza, Christian"]
[Result "0-1"]
[WhiteElo "2005"]
[BlackElo "2198"]
[Annotator "ChessBase"]
[PlyCount "138"]
[EventDate "2020.01.25"]
[EventType "swiss"]
[EventCountry "POR"]
[SourceTitle "playchess.com"]
[Source "ChessBase"]
[SourceQuality "1"]
[TimeControl "5400+30"]

1. e4 {[%emt 0:03:18]} c6 {[%emt 0:00:00]} 2. d4 {[%emt 0:00:11]} d5 {[%emt 0:00:00]} 3. Nc3 {[%emt 0:00:10]} dxe4 {[%emt 0:00:00]} 4. Nxe4 {[%emt 0:00:05]} Nf6 {[%emt 0:00:00]} 5. Nxf6+ {[%emt 0:00:44]} exf6 {[%emt 0:00:14]} 6. c3 {[%emt 0:02:15]} Bd6 {[%emt 0:00:06]} 7. Bd3 {[%emt 0:01:13]} O-O {[%emt 0:00:09]} 8. Be3 {[%emt 0:03:38]} Re8 {[%emt 0:00:51]} 9. Ne2 {[%emt 0:01:31]} Nd7 {[%emt 0:06:35]} 10. Qc2 {[%emt 0:01:11]} Nf8 {[%emt 0:00:20]} 11. O-O-O {[%emt 0:01:06]} Be6 {[%emt 0:00:54]} 12. Kb1 {[%emt 0:03:54]} Qa5 {[%emt 0:02:39]} 13. c4 {[%emt 0:06:09]} Rac8 {[%emt 0:09:44]} 14. b3 {[%emt 0:12:08]} b5 {[%emt 0:08:29]} 15. c5 {[%emt 0:04:30]} Bb8 {[%emt 0:00:57]} 16. Nf4 {[%emt 0:02:13]} Bg4 {[%emt 0:08:45]} 17. Rdg1 {[%emt 0:11:08]} Bxf4 {[%emt 0:20:29]} 18. Bxf4 {[%emt 0:01:16]} Be6 {[%emt 0:00:02]} 19. Be3 {[%emt 0:06:57]} Qc7 {[%emt 0:02:56]} 20. h4 {[%emt 0:03:23]} h5 {[%emt 0:02:34]} 21. Bf5 {[%emt 0:04:47]} Qd7 {[%emt 0:02:03]} 22. Bxe6 {[%emt 0:07:20]} Qxe6 {[%emt 0:00:02]} 23. Qe2 {[%emt 0:02:03]} Qe4+ {[%emt 0:01:20]} 24. Qc2 {[%emt 0:00:39]} Qd5 {[%emt 0:01:08]} 25. Qd1 {[%emt 0:02:22]} Re4 {[%emt 0:02:41]} 26. Qd2 {[%emt 0:06:03]} Rce8 {[%emt 0:02:14]} 27. Re1 {[%emt 0:01:24]} f5 {[%emt 0:03:40]} 28. f3 {[%emt 0:01:39]} R4e6 {[%emt 0:02:06]} 29. Bf2 {[%emt 0:00:27]} Nd7 {[%emt 0:11:43]} 30. Kc2 {[%emt 0:01:42]} Nf8 {[%emt 0:01:32]} 31. Rxe6 {[%emt 0:02:12]} Nxe6 {[%emt 0:00:41]} 32. Re1 {[%emt 0:04:36]} f6 {[%emt 0:00:01]} 33. Rd1 {[%emt 0:01:03]} Rd8 {[%emt 0:00:20]} 34. a3 {[%emt 0:00:41]} a5 {[%emt 0:01:26]} 35. Qc3 {[%emt 0:02:23]} Kf7 {[%emt 0:01:55]} 36. Rd2 {[%emt 0:00:35]} Ra8 {[%emt 0:00:46]} 37. Bg3 {[%emt 0:00:35]} a4 {[%emt 0:01:29]} 38. b4 {[%emt 0:00:19]} f4 {[%emt 0:01:14]} 39. Bf2 {[%emt 0:00:02]} Rd8 {[%emt 0:00:03]} 40. Kb2 {[%emt 0:00:50]} Qf5 {[%emt 0:00:43]} 41. Qc2 {[%emt 0:00:44]} Kg6 {[%emt 0:00:45]} 42. Qxf5+ {[%emt 0:00:10]} Kxf5 {[%emt 0:00:01]} 43. Kc3 {[%emt 0:00:13]} Rd5 {[%emt 0:00:30]} 44. Rd1 {[%emt 0:00:34]} Rd7 {[%emt 0:01:58]} 45. Rh1 {[%emt 0:00:20]} Nc7 {[%emt 0:00:31]} 46. Re1 {[%emt 0:00:24]} Re7 {[%emt 0:00:19]} 47. Rxe7 {[%emt 0:00:25]} Nd5+ {[%emt 0:00:01]} 48. Kd3 {[%emt 0:00:09]} Nxe7 {[%emt 0:00:01]} 49. Be1 {[%emt 0:00:26]} Nd5 {[%emt 0:00:01]} 50. Bf2 {[%emt 0:00:29]} g5 {[%emt 0:00:12]} 51. Be1 {[%emt 0:01:51]} Ne3 {[%emt 0:01:15]} 52. g3 {[%emt 0:00:35]} Nd5 {[%emt 0:00:38]} 53. hxg5 {[%emt 0:00:53]} fxg5 {[%emt 0:01:00]} 54. Bf2 {[%emt 0:00:28]} fxg3 {[%emt 0:02:16]} 55. Bxg3 {[%emt 0:00:05]} h4 {[%emt 0:00:11]} 56. Bh2 {[%emt 0:00:15]} g4 {[%emt 0:02:18]} 57. fxg4+ {[%emt 0:00:07]} Kxg4 {[%emt 0:00:00]} 58. Ke4 {[%emt 0:00:30]} h3 {[%emt 0:02:46]} 59. Ke5 {[%emt 0:00:27]} Nxb4 {[%emt 0:00:31]} 60. Kd6 {[%emt 0:01:27]} Nc2 {[%emt 0:00:52]} 61. d5 {[%emt 0:00:30]} b4 {[%emt 0:00:57]} 62. dxc6 {[%emt 0:00:23]} Nd4 {[%emt 0:00:01]} 63. Kd5 {[%emt 0:00:48]} Nxc6 {[%emt 0:00:41]} 64. Kxc6 {[%emt 0:00:23]} bxa3 {[%emt 0:00:18]} 65. Kd7 {[%emt 0:00:33]} a2 {[%emt 0:00:03]} 66. Be5 {[%emt 0:00:01]} h2 {[%emt 0:00:04]} 67. c6 {[%emt 0:01:04]} h1=Q {[%emt 0:00:06]} 68. c7 {[%emt 0:00:15]} Qd5+ {[%emt 0:00:12]} 69. Bd6 {[%emt 0:00:09]} a1=Q 0-1

[Event "Portugal Open 2020"]
[Site "Lisbon"]
[Date "2020.02.01"]
[Round "9.35"]
[White "Morais, Vitor"]
[Black "Krzywda, Andrzej"]
[Result "0-1"]
[WhiteElo "1864"]
[BlackElo "2178"]
[Annotator "NA"]
[PlyCount "98"]
[EventDate "2020.01.25"]
[EventType "swiss"]
[EventCountry "POR"]
[SourceTitle "playchess.com"]
[Source "ChessBase"]
[SourceQuality "1"]
[TimeControl "5400+30"]

1. c4 {[%emt 0:00:00]} e6 {[%emt 0:01:23]} 2. Nc3 {[%emt 0:00:00]} d5 {[%emt 0:00:24]} 3. e3 {[%emt 0:00:00]} Nf6 {[%emt 0:00:34]} 4. Nf3 {[%emt 0:00:00]} Be7 {[%emt 0:02:19]} 5. d4 {[%emt 0:00:02]} O-O {[%emt 0:00:15]} 6. Bd3 {[%emt 0:00:08]} b6 {[%emt 0:04:12]} 7. cxd5 {[%emt 0:00:07]} exd5 {[%emt 0:02:52]} 8. O-O {[%emt 0:00:08]} Ba6 {[%emt 0:01:27]} 9. Ne5 {[%emt 0:00:35]} c5 {[%emt 0:11:53]} 10. b3 {[%emt 0:00:09]} Qc7 {[%emt 0:03:39]} 11. Bb2 {[%emt 0:00:12]} Bxd3 {[%emt 0:01:28]} 12. Qxd3 {[%emt 0:00:09]} Nbd7 {[%emt 0:06:08]} 13. f4 {[%emt 0:00:35]} Rad8 {[%emt 0:03:37]} (13... Qb7 $11) 14. Rac1 $11 {[%emt 0:00:20]} (14. Nb5 $5 {[%cal Rb5c7]} Qb7 15. Nxa7 $14) 14... Qb7 {[%emt 0:02:00]} 15. Rc2 {[%emt 0:01:56]} Ne4 {[%emt 0:03:07]} 16. g4 {[%emt 0:01:09]} f6 {[%emt 0:03:18]} 17. Nxd7 {[%emt 0:00:17]} Qxd7 {[%emt 0:05:50]} 18. Nxe4 {[%emt 0:00:22]} dxe4 {[%emt 0:00:06]} 19. Qxe4 {[%emt 0:00:11]} Qxg4+ {[%emt 0:03:50]} 20. Rg2 {[%emt 0:01:39]} Qd7 {[%emt 0:00:13]} 21. Kh1 {[%emt 0:00:09]} Rfe8 {[%emt 0:10:51]} 22. Rfg1 {[%emt 0:00:19]} Bf8 {[%emt 0:02:21]} 23. Qf3 {[%emt 0:00:23]} Qf5 {[%emt 0:04:26]} 24. dxc5 {[%emt 0:00:23]} bxc5 {[%emt 0:03:10]} 25. e4 {[%emt 0:01:20]} Rxe4 {[%emt 0:04:18]} 26. Bxf6 {[%emt 0:00:09]} Rxf4 {[%emt 0:07:10]} 27. Qxf4 {[%emt 0:00:10]} Qxf4 {[%emt 0:00:09]} 28. Bxd8 {[%emt 0:00:11]} Qf3 {[%emt 0:01:20]} 29. Bc7 {[%emt 0:01:15]} h6 {[%emt 0:00:21]} 30. Bg3 {[%emt 0:00:08]} Be7 {[%emt 0:02:59]} 31. h3 {[%emt 0:00:08]} Bf6 {[%emt 0:00:21]} 32. Kh2 {[%emt 0:00:12]} Bd4 {[%emt 0:01:08]} 33. Re1 {[%emt 0:00:10]} a5 {[%emt 0:01:55]} 34. Rge2 {[%emt 0:00:34]} Kh7 {[%emt 0:01:50]} 35. Rc2 {[%emt 0:01:34]} h5 {[%emt 0:02:00]} 36. h4 {[%emt 0:01:35]} Be3 {[%emt 0:00:44]} 37. Rce2 {[%emt 0:00:44]} Bf4 {[%emt 0:00:37]} 38. Bxf4 {[%emt 0:01:58]} Qxf4+ {[%emt 0:00:01]} 39. Kg2 {[%emt 0:00:10]} Qg4+ {[%emt 0:00:09]} 40. Kf2 {[%emt 0:00:08]} Qxh4+ {[%emt 0:00:29]} 41. Ke3 {[%emt 0:00:13]} Qd4+ {[%emt 0:00:01]} 42. Kf3 {[%emt 0:00:18]} g6 {[%emt 0:01:05]} 43. Re7+ {[%emt 0:00:33]} Kh6 {[%emt 0:00:10]} 44. R1e4 {[%emt 0:00:29]} Qd3+ {[%emt 0:00:22]} 45. Kf4 {[%emt 0:00:55]} h4 {[%emt 0:01:10]} 46. Ke5 {[%emt 0:00:12]} g5 {[%emt 0:01:59]} 47. Re6+ {[%emt 0:00:30]} Kh5 {[%emt 0:00:20]} 48. Rc4 {[%emt 0:00:31]} h3 {[%emt 0:00:38]} 49. Re8 {[%emt 0:00:20]} h2 {[%emt 0:01:28] Kd4} 0-1